[Event "Bialystok Zamenhof Memorial 38th"]
[Site "Bialystok"]
[Date "2019.12.31"]
[Round "9"]
[White "Sieciechowicz, Marcin"]
[Black "Szostko, Jakub"]
[Result "1-0"]
[WhiteElo "2366"]
[BlackElo "2217"]
[PlyCount "146"]
[EventDate "2019.12.27"]
[EventType "swiss"]
[EventRounds "9"]
[EventCountry "POL"]
[SourceTitle "CBM 194 Extra"]
[Source "ChessBase"]
[SourceDate "2020.03.31"]
[SourceVersion "1"]
[SourceVersionDate "2020.03.31"]
[SourceQuality "1"]

1. d4 Nf6 2. c4 e6 3. Nc3 Bb4 4. e3 0-0 5. Bd2 Nc6 6. a3 Bxc3 7. Bxc3 Ne4 8. Qc2 Nxc3 9. Qxc3 a5 10. Nf3 d6 11. Be2 a4 12. 0-0 Qe7 13. Rac1 e5 14. d5 Nb8 15. c5 Nd7 16. cxd6 cxd6 17. Qc7 Rd8 18. Nd2 Kf8 19. Nc4 Nc5 20. Qxe7+ Kxe7 21. Nxe5 Bd7 22. Nxd7 Kxd7 23. Rc4 Kc7 24. Rfc1 Re8 25. Rh4 h6 26. Bb5 Re5 27. Bxa4 Rxd5 28. Bc2 Kb6 29. Rb4+ Ka7 30. Kf1 Rc8 31. Rc4 Rb8 32. e4 b5 33. Rb4 Rh5 34. h3 Na6 35. Rb3 Rc5 36. Ke2 d5 37. exd5 Rbc8 38. Kd2 Rxd5+ 39. Rd3 Rdc5 40. Rc3 Rxc3 41. bxc3 Nc5 42. Rb1 Ka6 43. Rb4 Rd8+ 44. Rd4 Ra8 45. c4 Kb6 46. cxb5 Rxa3 47. Rf4 Ra7 48. Rb4 Ra5 49. Rg4 g5 50. Rd4 Kxb5 51. Rd6 Ne6 52. Bb3 Nc5 53. Kc2 Ra7 54. Rxh6 Re7 55. Rf6 Re2+ 56. Kd1 Rb2 57. Bc2 Ne6 58. Rxf7 Kc4 59. Re7 Nf4 60. Re4+ Kd5 61. Re3 Kd4 62. h4 Nxg2 63. Rd3+ Ke5 64. hxg5 Rb8 65. Rg3 Rd8+ 66. Kc1 Nh4 67. Rg4 Nf3 68. g6 Nd4 69. g7 Nxc2 70. g8Q Rxg8 71. Rxg8 Nd4 72. Kd2 Ke4 73. Rg4+ Kd5 1-0

[Event "Bialystok Zamenhof Memorial 38th"]
[Site "Bialystok"]
[Date "2019.12.30"]
[Round "7"]
[White "Baum, Jonasz"]
[Black "Szostko, Jakub"]
[Result "1-0"]
[WhiteElo "2340"]
[BlackElo "2217"]
[PlyCount "155"]
[EventDate "2019.12.27"]
[EventType "swiss"]
[EventRounds "9"]
[EventCountry "POL"]
[SourceTitle "CBM 194 Extra"]
[Source "ChessBase"]
[SourceDate "2020.03.31"]
[SourceVersion "1"]
[SourceVersionDate "2020.03.31"]
[SourceQuality "1"]

1. d4 Nf6 2. c4 e6 3. g3 d5 4. Nf3 dxc4 5. Bg2 Bd7 6. Ne5 Bc6 7. Nxc6 Nxc6 8. 0-0 Qd7 9. e3 Rd8 10. Qe2 e5 11. Qxc4 exd4 12. Qb5 Rb8 13. Rd1 a6 14. Qf1 Bd6 15. exd4 0-0 16. Nd2 Rfe8 17. Nc4 h6 18. b3 Ne7 19. Ne5 Qd8 20. Bb2 Ned5 21. Re1 c6 22. Rac1 Qc7 23. a3 Rbd8 24. Qc4 Qb8 25. Bh3 Re7 26. Re2 Rde8 27. Rce1 Qd8 28. Bf5 Bc7 29. Bb1 Nd7 30. Qc2 Nf8 31. f4 f6 32. Nf3 Rxe2 33. Rxe2 Rxe2 34. Qxe2 Qe7 35. Qxe7 Nxe7 36. f5 Nd7 37. Kf2 Nb6 38. Nd2 Kf7 39. Kf3 Nbc8 40. h3 Nd6 41. g4 Nd5 42. Bd3 Ke7 43. Nf1 Ba5 44. Ng3 Bc3 45. Bxc3 Nxc3 46. a4 Nd5 47. Nh5 Kf8 48. a5 Ne8 49. Bc4 Nb4 50. Nf4 Nc7 51. Ke4 Ke7 52. d5 cxd5+ 53. Nxd5+ Nbxd5 54. Bxd5 Nb5 55. Kd3 Nd6 56. Kd4 Kd7 57. Bg2 Kc7 58. Kd5 Kd7 59. Bf1 Nf7 60. b4 Nd8 61. b5 axb5 62. Bxb5+ Kc7 63. Be8 b6 64. axb6+ Kxb6 65. Kd6 Nb7+ 66. Ke7 Nc5 67. Kf7 Ne4 68. Kxg7 Nf2 69. Kxf6 Nxh3 70. Kg7 Kc7 71. f6 Nf4 72. f7 Ne6+ 73. Kg8 Kd6 74. f8Q+ Nxf8 75. Kxf8 Ke5 76. Kg7 Kf4 77. Bh5 Kg5 78. Kh7 1-0

[Event "Bialystok Zamenhof Memorial 38th"]
[Site "Bialystok"]
[Date "2019.12.28"]
[Round "4"]
[White "Szostko, Jakub"]
[Black "Salna, Aleksandras"]
[Result "1-0"]
[WhiteElo "2217"]
[BlackElo "2020"]
[PlyCount "91"]
[EventDate "2019.12.27"]
[EventType "swiss"]
[EventRounds "9"]
[EventCountry "POL"]
[SourceTitle "CBM 194 Extra"]
[Source "ChessBase"]
[SourceDate "2020.03.31"]
[SourceVersion "1"]
[SourceVersionDate "2020.03.31"]
[SourceQuality "1"]

1. e4 c5 2. Nf3 d6 3. Bb5+ Bd7 4. Bxd7+ Qxd7 5. c4 Nf6 6. Nc3 Nc6 7. d4 cxd4 8. Nxd4 g6 9. f3 Bg7 10. Be3 0-0 11. 0-0 Rfc8 12. b3 Ne8 13. Rc1 Nc7 14. Nxc6 bxc6 15. Qd2 Rd8 16. Bd4 Bxd4+ 17. Qxd4 a5 18. Rfd1 Ne6 19. Qf2 Qa7 20. Na4 Qxf2+ 21. Kxf2 c5 22. g3 f6 23. f4 Nd4 24. e5 fxe5 25. fxe5 Rf8+ 26. Kg2 Rf5 27. exd6 exd6 28. Rf1 Re5 29. Rf2 Rf8 30. Nc3 Re3 31. Rxf8+ Kxf8 32. Rf1+ Kg7 33. Nb5 Nxb5 34. cxb5 a4 35. bxa4 Ra3 36. Rb1 Rxa2+ 37. Kf3 Rxa4 38. b6 Ra8 39. b7 Rb8 40. Ke4 Kf6 41. Kd5 Ke7 42. Kc6 d5 43. Kc7 Rxb7+ 44. Rxb7 Ke6 45. Kc6 c4 46. Rd7 1-0

[Event "Suwalki Warakomska Memorial op 3rd"]
[Site "Suwalki"]
[Date "2019.08.09"]
[Round "6"]
[White "Czarniecka, Aleksandra"]
[Black "Szostko, Jakub"]
[Result "0-1"]
[WhiteElo "2042"]
[BlackElo "2245"]
[PlyCount "120"]
[EventDate "2019.08.05"]
[EventType "swiss"]
[EventRounds "9"]
[EventCountry "POL"]
[SourceTitle "CBM 191 Extra"]
[Source "ChessBase"]
[SourceDate "2019.09.30"]
[SourceVersion "1"]
[SourceVersionDate "2019.09.30"]
[SourceQuality "1"]

1. e4 e5 2. Nf3 Nc6 3. d4 exd4 4. Nxd4 Bc5 5. Be3 Qf6 6. c3 Nge7 7. Bc4 0-0 8. 0-0 b6 9. Qd2 Qg6 10. Nxc6 Nxc6 11. Bxc5 bxc5 12. Qd5 Rb8 13. b3 Bb7 14. Nd2 d6 15. Qd3 Ne5 16. Qe2 Rbe8 17. Rae1 Kh8 18. Ba6 Ba8 19. f4 Nd7 20. Bb5 Re7 21. Bxd7 Rxd7 22. f5 Qf6 23. Rf3 Re7 24. Re3 Rfe8 25. c4 Re5 26. Qg4 g6 27. fxg6 fxg6 28. Rf1 Qg7 29. Ref3 R5e7 30. Qh4 Bxe4 31. Nxe4 Rxe4 32. Qxe4 Rxe4 33. Rf8+ Qg8 34. R1f7 Re1+ 35. Kf2 Ra1 36. Rxg8+ Kxg8 37. Rxc7 Rxa2+ 38. Kg1 Rb2 39. Rxa7 Rxb3 40. Rd7 Rd3 41. Kf2 Rd4 42. h3 h5 43. g3 g5 44. Ke3 Kf8 45. Rh7 h4 46. gxh4 gxh4 47. Rh6 Ke7 48. Rh7+ Ke6 49. Rh6+ Kd7 50. Ke2 Rxc4 51. Kd3 Rd4+ 52. Kc3 Kc6 53. Kc2 c4 54. Rh5 d5 55. Rh6+ Kc5 56. Rh8 Rf4 57. Rc8+ Kd4 58. Rh8 Rf2+ 59. Kd1 Kd3 60. Ke1 Re2+ 0-1

[Event "Suwalki Warakomska Memorial op 3rd"]
[Site "Suwalki"]
[Date "2019.08.06"]
[Round "2"]
[White "Dmochowska, Agnieszka"]
[Black "Szostko, Jakub"]
[Result "1/2-1/2"]
[WhiteElo "2126"]
[BlackElo "2245"]
[PlyCount "76"]
[EventDate "2019.08.05"]
[EventType "swiss"]
[EventRounds "9"]
[EventCountry "POL"]
[SourceTitle "CBM 191 Extra"]
[Source "ChessBase"]
[SourceDate "2019.09.30"]
[SourceVersion "1"]
[SourceVersionDate "2019.09.30"]
[SourceQuality "1"]

1. e4 e5 2. Nf3 Nc6 3. Bb5 a6 4. Ba4 Nf6 5. 0-0 Be7 6. Bxc6 dxc6 7. d3 Nd7 8. b3 f6 9. Nbd2 Nc5 10. Nh4 g6 11. Bb2 Be6 12. Nc4 Qd7 13. a4 g5 14. Nf3 0-0-0 15. Qe1 Bxc4 16. bxc4 Ne6 17. Rb1 h5 18. Qa5 Bc5 19. Bc1 Qd6 20. Be3 h4 21. Rb2 g4 22. Nd2 b6 23. Qc3 Bd4 24. Bxd4 Nxd4 25. Re1 g3 26. c5 gxh2+ 27. Kxh2 Qxc5 28. Qxc5 bxc5 29. Reb1 Kd7 30. Nb3 Nxb3 31. Rxb3 Kd6 32. Rb7 Ra8 33. Kh3 Rhg8 34. R1b2 a5 35. Rb1 Ra6 36. R1b2 Raa8 37. Rb1 Ra6 38. R1b2 Raa8 1/2-1/2

[Event "Suwalki Warakomska Memorial op 3rd"]
[Site "Suwalki"]
[Date "2019.08.05"]
[Round "1"]
[White "Szostko, Jakub"]
[Black "Greenfeld, Alon"]
[Result "0-1"]
[WhiteElo "2245"]
[BlackElo "2510"]
[PlyCount "58"]
[EventDate "2019.08.05"]
[EventType "swiss"]
[EventRounds "9"]
[EventCountry "POL"]
[SourceTitle "CBM 191 Extra"]
[Source "ChessBase"]
[SourceDate "2019.09.30"]
[SourceVersion "1"]
[SourceVersionDate "2019.09.30"]
[SourceQuality "1"]

1. e4 c5 2. Nf3 Nc6 3. Bb5 e5 4. 0-0 Bd6 5. c3 a6 6. Ba4 Nge7 7. d4 cxd4 8. cxd4 exd4 9. Nxd4 0-0 10. Nf3 Bc5 11. Nc3 d6 12. h3 Be6 13. Bb3 Ne5 14. Nd4 Bxh3 15. Bg5 Qd7 16. f3 Be6 17. Kh1 b5 18. Nxe6 fxe6 19. f4 Nc4 20. Bxc4 bxc4 21. Qa4 Qe8 22. Qxe8 Raxe8 23. Na4 Ba7 24. Rad1 Ng6 25. f5 exf5 26. exf5 Ne5 27. Rxd6 Ng4 28. Rxa6 Rxf5 29. Rb1 Bf2 0-1

[Event "POL-chT 2nd League"]
[Site "Jastrzebia Gora"]
[Date "2018.09.09"]
[Round "9.1"]
[White "Kasperek, Ryszard"]
[Black "Szostko, Jakub"]
[Result "1/2-1/2"]
[WhiteElo "2172"]
[BlackElo "2271"]
[PlyCount "104"]
[EventDate "2018.09.01"]
[EventType "team-swiss"]
[EventRounds "9"]
[EventCountry "POL"]
[SourceTitle "CBM 186 Extra"]
[Source "ChessBase"]
[SourceDate "2018.08.24"]
[SourceVersion "1"]
[SourceVersionDate "2018.08.24"]
[SourceQuality "1"]
[WhiteTeam "Debica Gryf"]
[BlackTeam "Podlesie UKS 21"]
[WhiteTeamCountry "POL"]
[BlackTeamCountry "POL"]

1. e4 e5 2. Nf3 Nc6 3. Nc3 Nf6 4. Bb5 Bb4 5. 0-0 0-0 6. d3 Bxc3 7. bxc3 d6 8. Re1 h6 9. d4 Bd7 10. Rb1 b6 11. h3 Re8 12. Bd3 Na5 13. Bd2 Bc6 14. d5 Bd7 15. Nh2 Nh7 16. Re3 Nf8 17. Nf1 Nb7 18. Rg3 Ng6 19. Ne3 Nc5 20. Nf5 Bxf5 21. exf5 Nf4 22. Qg4 Qf6 23. Bxf4 exf4 24. Qxf4 Re5 25. c4 Rae8 26. Re3 Rxe3 27. fxe3 Qc3 28. Rd1 f6 29. Qd4 Qa5 30. Kh2 Qa6 31. g4 Nxd3 32. Qxd3 Qxa2 33. Qc3 Qa6 34. Ra1 Qb7 35. h4 Re4 36. Kg3 a5 37. Qd3 Re5 38. Kf4 Qc8 39. e4 Qe8 40. Rg1 g5+ 41. Kf3 Re7 42. Qd4 Qf8 43. Rh1 Rh7 44. hxg5 hxg5 45. Rxh7 Kxh7 46. Qb2 Qd8 47. Ke3 Kg7 48. Kd3 Kf7 49. Qa1 Qe8 50. Qh1 Kg7 51. Qb1 Kf7 52. Qb5 Qxb5 1/2-1/2

[Event "Warsaw Najdorf Memorial op-A 16th"]
[Site "Warsaw"]
[Date "2018.07.09"]
[Round "2"]
[White "Szostko, Jakub"]
[Black "Sengupta, Deep"]
[Result "0-1"]
[WhiteElo "2295"]
[BlackElo "2565"]
[PlyCount "136"]
[EventDate "2018.07.08"]
[EventType "swiss"]
[EventRounds "9"]
[EventCountry "POL"]
[SourceTitle "CBM 185 Extra"]
[Source "ChessBase"]
[SourceDate "2018.07.29"]
[SourceVersion "1"]
[SourceVersionDate "2018.07.29"]
[SourceQuality "1"]

1. e4 e5 2. Nf3 Nc6 3. Bc4 Nf6 4. d3 Be7 5. 0-0 0-0 6. Re1 d6 7. a4 Na5 8. Ba2 c5 9. Na3 h6 10. c3 Nc6 11. Bd2 Re8 12. Nc2 Bf8 13. b4 Be6 14. b5 Na5 15. Bxe6 fxe6 16. Ne3 c4 17. Nxc4 Nxc4 18. dxc4 Qc7 19. Qb3 a5 20. c5 Qxc5 21. c4 Nd7 22. Rac1 Qc7 23. Be3 Nc5 24. Qc2 Be7 25. Nd2 b6 26. Ra1 Rac8 27. Rec1 Qb7 28. g3 Bf6 29. h4 Qf7 30. Nb3 Nd7 31. Qd3 Be7 32. Rf1 Rc7 33. f3 Kh8 34. Rac1 Rec8 35. Kg2 Qg6 36. Kh2 Rd8 37. Qe2 Rb7 38. Qf2 Rf8 39. Qg2 Qh5 40. Kg1 Rbb8 41. Rcd1 Rbc8 42. Rc1 Rf6 43. Kf2 d5 44. cxd5 Rxc1 45. Rxc1 exd5 46. Bg5 hxg5 47. hxg5 Qxg5 48. Qh3+ Qh6 49. Qxd7 Qh2+ 50. Ke3 d4+ 51. Kd3 Rxf3+ 52. Kc4 Ba3 53. Kd5 Bxc1 54. Nxc1 d3 55. Kc6 Qh6+ 56. Kb7 Qxc1 57. Qe8+ Kh7 58. Qh5+ Kg8 59. Qxf3 d2 60. Qb3+ Kh8 61. Qf7 d1Q 62. Qf8+ Kh7 63. Qf5+ Kg8 64. Qe6+ Kh8 65. Qh3+ Qh6 66. Qc8+ Kh7 67. Qf5+ Qg6 68. Qh3+ Qgh5 0-1

[Event "Bialystok Zamenhof Memorial 36th"]
[Site "Bialystok"]
[Date "2017.12.30"]
[Round "8"]
[White "Lewicki, Miroslaw"]
[Black "Szostko, Jakub"]
[Result "1/2-1/2"]
[WhiteElo "2404"]
[BlackElo "2262"]
[PlyCount "126"]
[EventDate "2017.12.27"]
[EventType "swiss"]
[EventRounds "9"]
[EventCountry "POL"]
[SourceTitle "CBM 182 Extra"]
[Source "ChessBase"]
[SourceDate "2018.02.23"]
[SourceVersion "1"]
[SourceVersionDate "2018.02.23"]
[SourceQuality "1"]

1. e4 c5 2. Nf3 d6 3. d4 cxd4 4. Nxd4 Nf6 5. Nc3 a6 6. Bc4 e6 7. Bb3 Nbd7 8. 0-0 Nc5 9. Qe2 Be7 10. Rd1 Qc7 11. Bg5 0-0 12. a3 Nxb3 13. cxb3 h6 14. Bh4 Bd7 15. Rac1 Qb8 16. b4 b5 17. Nb3 Ra7 18. Rd3 Bc6 19. Rcd1 Rc8 20. Bg3 Qa8 21. Bxd6 Nxe4 22. Bxe7 Rxe7 23. Nd4 Bb7 24. Re1 Nxc3 25. bxc3 Rec7 26. Qd2 Kh7 27. Rg3 Rd8 28. Qf4 Qc8 29. Ree3 Rd5 30. h4 Qd8 31. Qg4 Qf6 32. Ref3 Rxd4 33. cxd4 Bxf3 34. Rxf3 Qg6 35. Qf4 Rd7 36. g3 Qc2 37. Kg2 Qc4 38. Qe3 f5 39. Rf4 g5 40. Rf3 g4 41. Rf4 Qd5+ 42. Kh2 Rc7 43. Qe5 Qxe5 44. dxe5 Rd7 45. f3 Rd2+ 46. Kg1 h5 47. fxg4 hxg4 48. Rf2 Rd3 49. Kg2 Rxa3 50. Rc2 Re3 51. Rc6 Rxe5 52. Rxa6 Kg6 53. Rb6 Kf6 54. Kf2 Rd5 55. Ke3 Re5+ 56. Kf2 Kf7 57. Rb7+ Kg6 58. Rb6 Kf6 59. Rb8 Rd5 60. Ke3 Re5+ 61. Kf2 Rd5 62. Ke3 Rd1 63. Ke2 Rd5 1/2-1/2

[Event "Bialystok Zamenhof Memorial 36th"]
[Site "Bialystok"]
[Date "2017.12.28"]
[Round "3"]
[White "Krzyzanowski, Marcin"]
[Black "Szostko, Jakub"]
[Result "1/2-1/2"]
[WhiteElo "2457"]
[BlackElo "2262"]
[PlyCount "94"]
[EventDate "2017.12.27"]
[EventType "swiss"]
[EventRounds "9"]
[EventCountry "POL"]
[SourceTitle "CBM 182 Extra"]
[Source "ChessBase"]
[SourceDate "2018.02.23"]
[SourceVersion "1"]
[SourceVersionDate "2018.02.23"]
[SourceQuality "1"]

1. d4 Nf6 2. Nc3 d5 3. Bf4 c6 4. Qd3 g6 5. e4 dxe4 6. Nxe4 Bg7 7. Nxf6+ Bxf6 8. Nf3 0-0 9. Be5 Qa5+ 10. Qd2 Qxd2+ 11. Kxd2 Nd7 12. Bxf6 Nxf6 13. Re1 Re8 14. Bd3 Bf5 15. Bxf5 gxf5 16. h3 h5 17. c3 e6 18. Ne5 Kf8 19. a4 Ke7 20. a5 a6 21. g3 Rad8 22. Nd3 h4 23. g4 fxg4 24. hxg4 Nxg4 25. Rxh4 Nf6 26. Nc5 Nd7 27. Nd3 Rh8 28. Rf4 Rdg8 29. b4 Rg7 30. c4 Kd6 31. Ree4 Rh1 32. Rg4 Rgh7 33. Re1 R1h4 34. Ree4 Rh1 35. Ref4 f5 36. Rg6 R1h6 37. Rxh6 Rxh6 38. Rf3 Rh4 39. Kc3 Nf6 40. Nc5 Ne4+ 41. Nxe4+ Rxe4 42. Rh3 Re1 43. Rh7 Rc1+ 44. Kd3 Rd1+ 45. Ke3 Rc1 46. Kd3 Rd1+ 47. Ke3 Rc1 1/2-1/2

[Event "POL-ch U18 rapid"]
[Site "Wroclaw"]
[Date "2017.08.08"]
[Round "11"]
[White "Szostko, Jakub"]
[Black "Karpus, Michal"]
[Result "1-0"]
[WhiteElo "2110"]
[BlackElo "2127"]
[PlyCount "77"]
[EventDate "2017.08.06"]
[EventType "swiss (rapid)"]
[EventRounds "11"]
[EventCountry "POL"]
[SourceTitle "CBM 180 Extra"]
[Source "ChessBase"]
[SourceDate "2017.10.06"]
[SourceVersion "1"]
[SourceVersionDate "2017.10.06"]
[SourceQuality "1"]

1. e4 e5 2. Nf3 Nc6 3. Bb5 a6 4. Ba4 Nf6 5. 0-0 Be7 6. d3 b5 7. Bb3 d6 8. a3 0-0 9. Nc3 Bg4 10. Be3 Nd4 11. Bxd4 exd4 12. Nd5 Nd7 13. h3 Bxf3 14. Qxf3 c6 15. Nxe7+ Qxe7 16. Qg3 a5 17. f4 a4 18. Ba2 Rab8 19. Qf2 c5 20. Rae1 b4 21. axb4 Rxb4 22. c3 dxc3 23. bxc3 Rb6 24. e5 dxe5 25. fxe5 a3 26. Re2 g6 27. Qe1 Kg7 28. Ref2 Rb2 29. Rxf7+ Rxf7 30. Rxf7+ Qxf7 31. Bxf7 Kxf7 32. e6+ Ke7 33. exd7+ Kxd7 34. Qa1 Rb3 35. Kf1 Kc6 36. Ke1 Kb5 37. Kd1 Ka4 38. Kc2 Rb2+ 39. Qxb2 1-0

[Event "POL-chT U20"]
[Site "Szczyrk"]
[Date "2017.07.22"]
[Round "1.20"]
[White "Chylewski, Patryk"]
[Black "Szostko, Jakub"]
[Result "1/2-1/2"]
[WhiteElo "2275"]
[BlackElo "2208"]
[PlyCount "101"]
[EventDate "2017.07.22"]
[EventType "team-tourn"]
[EventRounds "9"]
[EventCountry "POL"]
[SourceTitle "EXT 2019"]
[Source "ChessBase"]
[SourceDate "2018.10.10"]
[SourceVersion "1"]
[SourceVersionDate "2018.10.10"]
[SourceQuality "1"]

1. d4 Nf6 2. c4 g6 3. Nc3 Bg7 4. e4 d6 5. Nf3 0-0 6. Be2 e5 7. 0-0 Nc6 8. d5 Ne7 9. b4 Nh5 10. g3 f5 11. Ng5 Nf6 12. Bf3 h6 13. Ne6 Bxe6 14. dxe6 Qc8 15. Nd5 Nexd5 16. exd5 e4 17. Be2 Nxd5 18. Qxd5 Bxa1 19. e7+ Rf7 20. c5 Qe8 21. Bc4 Qxe7 22. Bxh6 Be5 23. Qxb7 Rd8 24. Be3 Kg7 25. Bxf7 Qxf7 26. cxd6 cxd6 27. Qxf7+ Kxf7 28. b5 Rd7 29. f3 d5 30. fxe4 dxe4 31. Rc1 Rd3 32. Kf2 Ra3 33. Rc2 Ra5 34. b6 axb6 35. Bxb6 Ra6 36. Be3 Kf6 37. h4 Ra3 38. Re2 Ke6 39. Kg2 Bb8 40. Bf2 Ba7 41. Be1 Kd5 42. Bb4 Rd3 43. Rd2 Kc4 44. Rxd3 Kxd3 45. a4 Ke2 46. a5 e3 47. a6 Kd1 48. Kf3 e2 49. Ba5 Bb6 50. Bb4 Bc5 51. Ba5 1/2-1/2

[Event "Warsaw Najdorf Memorial op-A 15th"]
[Site "Warsaw"]
[Date "2017.07.15"]
[Round "7"]
[White "Bartel, Michal"]
[Black "Szostko, Jakub"]
[Result "1/2-1/2"]
[WhiteElo "2343"]
[BlackElo "2208"]
[PlyCount "61"]
[EventDate "2017.07.09"]
[EventType "swiss"]
[EventRounds "9"]
[EventCountry "POL"]
[SourceTitle "CBM 179 Extra"]
[Source "ChessBase"]
[SourceDate "2017.08.23"]
[SourceVersion "1"]
[SourceVersionDate "2017.08.23"]
[SourceQuality "1"]

1. e4 c5 2. Nf3 d6 3. Nc3 Nf6 4. d4 cxd4 5. Qxd4 a6 6. e5 Nc6 7. Qa4 dxe5 8. Nxe5 Bd7 9. Nxd7 Qxd7 10. Bd2 g6 11. 0-0-0 Bg7 12. Be3 Qc8 13. Be2 0-0 14. Bf3 Ne5 15. Nd5 Nxd5 16. Bxd5 e6 17. Bb3 b5 18. Qe4 a5 19. a4 bxa4 20. Qxa4 Rb8 21. Kb1 Rb4 22. Qxa5 Qb7 23. Rd8 Nc4 24. Rxf8+ Bxf8 25. Qg5 Rxb3 26. cxb3 Qxb3 27. Bc1 Na3+ 28. Ka1 Nc2+ 29. Kb1 Na3+ 30. Ka1 Nc2+ 31. Kb1 1/2-1/2

[Event "Warsaw Najdorf Memorial op-A 15th"]
[Site "Warsaw"]
[Date "2017.07.11"]
[Round "3"]
[White "Heinemann, Josefine"]
[Black "Szostko, Jakub"]
[Result "0-1"]
[WhiteElo "2294"]
[BlackElo "2208"]
[PlyCount "64"]
[EventDate "2017.07.09"]
[EventType "swiss"]
[EventRounds "9"]
[EventCountry "POL"]
[SourceTitle "CBM 179 Extra"]
[Source "ChessBase"]
[SourceDate "2017.08.23"]
[SourceVersion "1"]
[SourceVersionDate "2017.08.23"]
[SourceQuality "1"]

1. e4 c5 2. Nf3 d6 3. d4 cxd4 4. Nxd4 Nf6 5. Nc3 a6 6. Bg5 e6 7. f4 h6 8. Bh4 Qb6 9. a3 Be7 10. Bf2 Qc7 11. Qf3 Nbd7 12. 0-0-0 b5 13. g4 Bb7 14. h4 Nc5 15. Bd3 Nfd7 16. g5 0-0-0 17. b4 hxg5 18. bxc5 dxc5 19. Ndxb5 axb5 20. Nxb5 Qxf4+ 21. Qxf4 gxf4 22. Be1 Ne5 23. Bd2 Rxd3 24. cxd3 Nxd3+ 25. Kc2 Nf2 26. Bxf4 Bxe4+ 27. Kb2 Bxh1 28. Na7+ Kb7 29. Rd7+ Ka6 30. Rxe7 Nd3+ 31. Kc3 Nxf4 32. Rxf7 Ra8 0-1

[Event "Warsaw Najdorf Memorial op-A 15th"]
[Site "Warsaw"]
[Date "2017.07.10"]
[Round "2"]
[White "Szostko, Jakub"]
[Black "Percivaldi, Martin"]
[Result "0-1"]
[WhiteElo "2208"]
[BlackElo "2433"]
[PlyCount "148"]
[EventDate "2017.07.09"]
[EventType "swiss"]
[EventRounds "9"]
[EventCountry "POL"]
[SourceTitle "CBM 179 Extra"]
[Source "ChessBase"]
[SourceDate "2017.08.23"]
[SourceVersion "1"]
[SourceVersionDate "2017.08.23"]
[SourceQuality "1"]

1. e4 e6 2. d4 d5 3. Nc3 Nf6 4. e5 Nfd7 5. f4 c5 6. Nf3 Nc6 7. Be3 a6 8. Qd2 b5 9. dxc5 Bxc5 10. Bd3 Qb6 11. Bf2 h6 12. 0-0 Bxf2+ 13. Rxf2 Nc5 14. a3 0-0 15. Re1 b4 16. axb4 Qxb4 17. Nd1 Qxd2 18. Rxd2 a5 19. Nf2 Ba6 20. Bxa6 Rxa6 21. Nd4 Rb8 22. b3 a4 23. bxa4 Rb4 24. Nxc6 Rxc6 25. Nd3 Rd4 26. a5 Ne4 27. Rde2 Nc3 28. Rf2 Ra4 29. a6 Rcxa6 30. f5 Ne4 31. Rf4 Rc6 32. fxe6 fxe6 33. Nf2 Nc3 34. Rxa4 Nxa4 35. Re2 Nc3 36. Re1 Nb5 37. Rb1 Rxc2 38. Rxb5 Rc1+ 39. Nd1 Rxd1+ 40. Kf2 Rd2+ 41. Kf3 Rd3+ 42. Kf2 Rd4 43. Rb8+ Kf7 44. Rb7+ Kg6 45. Re7 Kf5 46. Rxg7 Kxe5 47. Rh7 Rf4+ 48. Ke3 Rf6 49. Rd7 Rf8 50. Rh7 Rf6 51. Rd7 Rg6 52. g3 Rf6 53. Rd8 Rf7 54. Rh8 d4+ 55. Ke2 Rf6 56. Kd3 Rf3+ 57. Ke2 Ke4 58. Rxh6 d3+ 59. Kd2 Rf2+ 60. Ke1 Re2+ 61. Kd1 e5 62. g4 Rg2 63. g5 Rxg5 64. Rh4+ Ke3 65. Rh3+ Kd4 66. Rh7 e4 67. Rh8 Rf5 68. Ke1 Ke3 69. Rd8 d2+ 70. Rxd2 Rf1+ 71. Kxf1 Kxd2 72. h4 e3 73. h5 e2+ 74. Kg2 e1Q 0-1

[Event "POL-chT U20"]
[Site "Suchedniow"]
[Date "2016.07.31"]
[Round "9.20"]
[White "Zylka, Stanislaw"]
[Black "Szostko, Jakub"]
[Result "1-0"]
[WhiteElo "2239"]
[BlackElo "2246"]
[PlyCount "137"]
[EventDate "2016.07.23"]
[EventType "team-tourn"]
[EventRounds "9"]
[EventCountry "POL"]
[SourceTitle "EXT 2019"]
[Source "ChessBase"]
[SourceDate "2018.10.10"]
[SourceVersion "1"]
[SourceVersionDate "2018.10.10"]
[SourceQuality "1"]

1. d4 Nf6 2. Nf3 g6 3. c4 Bg7 4. g3 0-0 5. Bg2 d6 6. 0-0 Nc6 7. Nc3 a6 8. Bf4 Rb8 9. Rc1 b5 10. Nd5 Nh5 11. Bg5 h6 12. Be3 Bb7 13. cxb5 axb5 14. Qd2 Kh7 15. Nxc7 Qxc7 16. d5 Nf6 17. dxc6 Bc8 18. b4 Ng4 19. Bd4 e5 20. h3 Nf6 21. Be3 Be6 22. Rfd1 Rfd8 23. g4 Ra8 24. Rc2 Ne4 25. Qd3 Bxa2 26. Qxe4 Bb3 27. Rd5 Bxc2 28. Qxc2 Ra1+ 29. Kh2 e4 30. Bd4 exf3 31. Bxa1 fxg2 32. Bxg7 Kxg7 33. Kxg2 Rc8 34. Qc3+ Kg8 35. Rxb5 Qxc6+ 36. Qxc6 Rxc6 37. Rb8+ Kg7 38. b5 Rc2 39. Kf3 Rb2 40. b6 Rb3+ 41. e3 d5 42. h4 d4 43. g5 hxg5 44. hxg5 dxe3 45. fxe3 Rb5 46. Kf4 Rf5+ 47. Kg4 Rb5 48. e4 Rb1 49. Kf4 Rb5 50. e5 Rb1 51. Ke4 Rb5 52. Kd4 Kh7 53. Kc4 Rb1 54. Kc5 Rc1+ 55. Kd6 Rb1 56. Kc7 Rc1+ 57. Kb7 Rg1 58. Re8 Rxg5 59. Kc8 Rg1 60. b7 Rb1 61. b8Q Rxb8+ 62. Kxb8 g5 63. Kc7 g4 64. Kd6 Kg6 65. e6 fxe6 66. Kxe6 Kg5 67. Ke5 g3 68. Rg8+ Kh4 69. Kf4 1-0

[Event "POL-chT U20"]
[Site "Suchedniow"]
[Date "2016.07.30"]
[Round "8.8"]
[White "Szostko, Jakub"]
[Black "Woloch, Oskar"]
[Result "1/2-1/2"]
[WhiteElo "2246"]
[BlackElo "2164"]
[PlyCount "68"]
[EventDate "2016.07.23"]
[EventType "team-tourn"]
[EventRounds "9"]
[EventCountry "POL"]
[SourceTitle "EXT 2019"]
[Source "ChessBase"]
[SourceDate "2018.10.10"]
[SourceVersion "1"]
[SourceVersionDate "2018.10.10"]
[SourceQuality "1"]

1. e4 e5 2. Nf3 Nc6 3. Bb5 a6 4. Ba4 Nf6 5. 0-0 Be7 6. Re1 b5 7. Bb3 d6 8. c3 0-0 9. h3 Na5 10. Bc2 c5 11. d4 Nd7 12. Nbd2 exd4 13. cxd4 Nc6 14. d5 Nce5 15. a4 Rb8 16. Nh2 Ng6 17. Ndf3 Re8 18. b3 Bf6 19. Ra2 Nde5 20. Nxe5 Bxe5 21. Ng4 Bxg4 22. Qxg4 Qc8 23. Qd1 c4 24. axb5 axb5 25. bxc4 bxc4 26. Ba4 Rf8 27. Bc6 Ne7 28. Qa4 Nxc6 29. dxc6 Rb6 30. Qxc4 Rxc6 31. Qf1 f5 32. exf5 Qxf5 33. Be3 Kh8 34. Rd1 Qe4 1/2-1/2

[Event "POL-chT U20"]
[Site "Suchedniow"]
[Date "2016.07.28"]
[Round "6.2"]
[White "Szostko, Jakub"]
[Black "Marczuk, Anna"]
[Result "1-0"]
[WhiteElo "2246"]
[BlackElo "1931"]
[PlyCount "81"]
[EventDate "2016.07.23"]
[EventType "team-tourn"]
[EventRounds "9"]
[EventCountry "POL"]
[SourceTitle "EXT 2019"]
[Source "ChessBase"]
[SourceDate "2018.10.10"]
[SourceVersion "1"]
[SourceVersionDate "2018.10.10"]
[SourceQuality "1"]

1. e4 c5 2. Nf3 d6 3. d4 cxd4 4. Nxd4 Nf6 5. Nc3 a6 6. h3 e5 7. Nde2 b5 8. Bg5 Be7 9. Bxf6 Bxf6 10. a4 b4 11. Nd5 a5 12. c3 Nc6 13. cxb4 axb4 14. Rc1 Bd7 15. Ng3 Bg5 16. Rc4 0-0 17. Bd3 Qa5 18. 0-0 Rfc8 19. Qh5 Bd8 20. b3 g6 21. Qh6 Be6 22. Rfc1 Na7 23. Nf5 Bxf5 24. exf5 Qxd5 25. Be4 Qa5 26. Bxa8 Rxa8 27. Qd2 Qa6 28. Qd5 Rb8 29. fxg6 hxg6 30. h4 Qb7 31. Qxd6 e4 32. h5 gxh5 33. Qg3+ Kf8 34. Qe5 f6 35. Qxh5 Qf7 36. Qh6+ Qg7 37. Qf4 Qb7 38. Rc7 Bxc7 39. Rxc7 Qd5 40. Qxf6+ Kg8 41. Qg7# 1-0